000 00201nam a2200085 4500
001 1257785
005 20260219143100.0
245 _aKUR'AN-I KERİM TEFSİR 2
_cSEYİT AHMET YAKA
260 _bKİTAP DÜNYASI
999 _c1257785
_d1257785